Экономия кокса в доменных печах: тематический сборник научных трудов

Dades bibliogràfiques
Altres autors: Ульянов А. Г. (редактор)
Idioma:rus
Publicat: Москва, Металлургия, 1986
Matèries:
Format: Llibre
KOHA link:https://koha.lib.tpu.ru/cgi-bin/koha/opac-detail.pl?biblionumber=277450

MARC

LEADER 00000nam0a2200000 4500
001 277450
005 20231101235022.0
035 |a (RuTPU)RU\TPU\book\300724 
090 |a 277450 
100 |a 20141203d1986 k y0rusy50 ca 
101 0 |a rus 
102 |a RU 
105 |a a z 001zy 
200 1 |a Экономия кокса в доменных печах  |e тематический сборник научных трудов  |f под ред. А. Г. Ульянова 
210 |a Москва  |c Металлургия  |d 1986 
215 |a 89 с.  |c ил. 
320 |a Библиография в конце статей 
606 1 |a Доменное производство  |x Сырье  |2 stltpush  |3 (RuTPU)RU\TPU\subj\9902  |9 37054 
610 1 |a кокс 
610 1 |a черная металлургия 
610 1 |a доменные печи 
610 1 |a экономия 
610 1 |a шихтовые материалы 
610 1 |a доменная плавка 
610 1 |a шихтоподачи 
675 |a 669.162.1  |v 4 
702 1 |a Ульянов  |b А. Г.  |4 340 
801 1 |a RU  |b 63413507  |c 20141203 
801 2 |a RU  |b 63413507  |c 20171220  |g RCR 
942 |c BK